| 000 | 01052nam a2200265 a 4500 | ||
|---|---|---|---|
| 001 | 000018918 | ||
| 005 | 20200929165901.0 | ||
| 008 | 100520s1972 mx 000 0 spa d | ||
| 040 |
_aDO-SdBNP _bspa _cBNPHU |
||
| 082 |
_a155.43 _bC961n |
||
| 245 | 0 | 0 |
_aCuando el niño pregunta / _ccompiladores Isadore Rubín, Lester A. Kirkendall : traducido por Orlanco Espinosa de los Monterios, Macía Espinosa de los Monterios. |
| 260 |
_aMéxico : _bPax-México ; _bLibreria Carlos Cesarman, _c1972. |
||
| 300 |
_a197 p. ; _c21 cm. |
||
| 490 | 1 | _aEducación sexual | |
| 534 |
_pTítulo original en inglés: _tSex in the childhood years, _cNew York : Sexology Corporation, 1970 |
||
| 650 | 4 |
_aSexo (psicología) _9153 |
|
| 650 | 4 |
_aManejo de niños _9799 |
|
| 700 | 1 |
_aRubín, Isadore, _ecomp. _940719 |
|
| 700 | 1 |
_aKirkendall, Lester A., _ecomp. _940720 |
|
| 700 | 1 |
_aEspinosa de los Monterios, Orlando _etr. _940721 |
|
| 700 | 1 |
_aEspinosa de los Monterios, Macía _etr. _940722 |
|
| 830 | 0 |
_aEducación sexual _926381 |
|
| 910 | _aEn proceso | ||
| 049 | _aBNGR | ||
| 999 |
_c18436 _d18436 |
||